Suurin rannikkokaupunki valtioittain - Statistics

Yleistilastot
  • Tätä visaa on pelattu 676 kertaa
  • Keskiarvotulos 12 / 21
Vastaustilastot
Valtio Kaupunki % Oikein
Espanja Barcelona
94%
Venäjä Pietari
87%
Ranska Marseille
83%
Etelä-Afrikka Kapkaupunki
78%
Kanada Vancouver
77%
Puola Gdańsk
75%
Egypti Aleksandria
74%
Israel Tel Aviv
72%
Yhdistynyt kuningaskunta Liverpool
70%
Ukraina Odessa
70%
Intia Mumbai
64%
Saudi-Arabia Jedda
53%
Kenia Mombasa
53%
Saksa Kiel
43%
Bulgaria Varna
42%
Etelä-Korea Busan
41%
Sudan Port Sudan
26%
Bangladesh Chittagong
25%
Meksiko Tijuana
25%
Kolumbia Barranquilla
21%
Syyria Latakia
13%
Ehtoja vastaavia visoja ei löytynyt
Tulosjakauma
Jokaisen tuloksen saaneiden osuus
Persentiili vastausten määrän mukaan
Tuloshistoriasi
Et ole pelannut tätä visaa